000 00264nam a2200109Ia 4500
005 20251222143207.0
008 251222s9999||||xx |||||||||||||| ||spa||
082 _a382.029.4/G83
245 0 _aGrupo Andino: Guía para hacer Negocios:
264 _bCMI
942 _cLIB
999 _c13305
_d13305